000 00554nam a22001817a 4500
999 _c162919
_d162919
005 20190422165505.0
010 _aENG-124923
020 _c195.00
_a9789350578841
035 _aEN-108455
037 _bDBAD/PUB
082 _a005.58
100 _aBitu Kumar
245 _aComprehensive computer learing:
_bmicrosoft powerpoint 2010/
_cby Bitu Kumar
260 _aNew Delhi
_bV&S Publishers
_c2017
270 _aF-2/16, Ansari Road, Daryaganj
_bNew Delhi
_e110002
300 _a96p.
_c25cm.(pbk)
_bill.
942 _2ddc
_cEN
_mBIT
_h005.58